Jurisprudencia del abandono del procedimiento

Kaydedildi:
Detaylı Bibliyografya
Materyal Türü: Kitap
Dil:İspanyolca
Baskı/Yayın Bilgisi: Santiago Lexis Nexis 2002
Edisyon:1a. ed
Konular:
Etiketler: Etiketle
Etiket eklenmemiş, İlk siz ekleyin!

MARC

LEADER 00000cam a2200000 a 4500
001 UCC4260
003 CL-VaPUC
008 180727e20020000cl |||||||||||||||||spa|d
020 |a 956238361X 
082 0 4 |a 347.83  |b JUR  |2 21 
245 1 0 |a Jurisprudencia del abandono del procedimiento 
250 |a 1a. ed 
300 |a 189 p 
942 |c BK 
945 |d 20180727 12:54:00  |a dcastane 
260 |a Santiago  |b Lexis Nexis  |c 2002 
650 0 |a Código de procedimiento civil  |9 256305 
650 0 |a Procedimiento civil  |9 254870 
583 |a last modification  |c 20180727 12:54:00  |k Rodrigo Vera 
999 |c 371813  |d 371811 
952 |0 0  |1 0  |3 erb  |4 0  |6 347_830000000000000_JUR_2002  |7 0  |8 A  |9 489010  |a BIBDER  |b BIBDER  |e Mateluna Arestizabal, Alfredo Sergio  |i 5482933  |l 3  |o 347.83 JUR 2002  |p 5482933  |r 2025-04-28  |s 2025-04-23  |w 2019-11-24  |y BK  |z Catalogado en:20180727  |k DER